Diseño de la estructura de pavimento de 8 Km del camino que comunica a las comarcas, La Piedra – los veinticuatro - La Corteza, del municipio de Tisma, departamento de Masaya.
Presenta el diseño de la estructura de pavimento de 8 Km del camino que comunica a las comarcas, La Piedra – los veinticuatro - La Corteza, del municipio de Tisma, departamento de Masaya el cual presenta un estudio topográfico del tramo que comunica a las comarcas, un estudio de transito del sitio...
| Main Authors: | , |
|---|---|
| Other Authors: | |
| Format: | Tesis Section = Libro |
| Language: | Undetermined Spanish |
| Published: |
Managua
UNI
2009
|
| Subjects: |
| LEADER | 01251nam a2200253Ia 4500 | ||
|---|---|---|---|
| 008 | 240830s9999 xx 000 0 und d | ||
| 040 | |a BIBLIOTECA-RUPAP Mon 625.8 B826 | ||
| 041 | |a spa | ||
| 082 | |a Mon 625.8 B826 | ||
| 100 | 1 | |a Bravo Martínez, Oswaldo Antonio | |
| 100 | 1 | |b Cardoza Mejía, Junior de Jesús | |
| 245 | 1 | 0 | |a Diseño de la estructura de pavimento de 8 Km del camino que comunica a las comarcas, La Piedra – los veinticuatro - La Corteza, del municipio de Tisma, departamento de Masaya. |
| 260 | |a Managua |b UNI |c 2009 | ||
| 300 | |a 160 p. :il. | ||
| 500 | |a Contiene: anexos. | ||
| 502 | |a Tesis (Ingeniero Civil)- UNI, 2009. | ||
| 520 | 3 | |a Presenta el diseño de la estructura de pavimento de 8 Km del camino que comunica a las comarcas, La Piedra – los veinticuatro - La Corteza, del municipio de Tisma, departamento de Masaya el cual presenta un estudio topográfico del tramo que comunica a las comarcas, un estudio de transito del sitio y un estudio del suelo del tramo en estudio. | |
| 650 | 7 | |a PAVIMENTOS | |
| 650 | 7 | |b PAVIMENTOS – DISEÑO Y CONSTRUCCION | |
| 650 | 7 | |c CARRETERAS – MANTENIMIENTO Y REPARACION | |
| 700 | 1 | |a Tutor: |b Calvo Rojas, Lucas Bernardo | |
| 942 | |c BK |2 ddc | ||
| 991 | |a TESIS | ||
| 999 | |c 16029 | ||